Velký česko-španělský slovník Díl II. P-Ž
| Main Author: | |
|---|---|
| Format: | Book |
| Language: | Czech Spanish |
| PhysicalDescription: | 1309 s. 22 cm |
| Published: |
Praha
Leda Academia ,
1996
|
| ISBN: | 8020003665 (Academia súbor ; viazané) 8020003681(Academia - diel 2 ; viazané) 8085927233 (Leda - súbor ; viazané) 808527225 (Leda - diel 2 ; viazané) |
| Edition: | 1. vyd. |
| Subjects: |
MARC
| LEADER | 00000cam a2200000 a 4500 | ||
|---|---|---|---|
| 001 | vtls008298706 | ||
| 003 | SK-MaSNL | ||
| 005 | 20260302074150.0 | ||
| 008 | 050922s1996 xr d 000 0 cze | ||
| 020 | |a 8020003665 (Academia súbor ; viazané) | ||
| 020 | |a 8020003681(Academia - diel 2 ; viazané) | ||
| 020 | |a 8085927233 (Leda - súbor ; viazané) | ||
| 020 | |a 808527225 (Leda - diel 2 ; viazané) | ||
| 040 | |a SNK |b slo |c SNK |e AACR2 | ||
| 041 | 0 | |a cze |a spa | |
| 044 | |a xr |c CZ | ||
| 072 | 7 | |a 811.162.3 |x Čeština |2 konspekt | |
| 072 | 7 | |a 811.134 |x Iberorománske jazyky |2 konspekt | |
| 080 | |a 811.162.3 |2 2011 | ||
| 080 | |a 811.134.2 |2 2011 | ||
| 080 | |a (038)81 |2 2001 | ||
| 100 | 1 | |a Dubský, Josef, |d 1917-1996 |4 aut |9 200123 | |
| 245 | 1 | 0 | |a Velký česko-španělský slovník |c zpracoval Josef Dubský s kolektivem spolupracovníků |n Díl II. |p P-Ž |
| 246 | 3 | 1 | |a Gran diccionario checo-español Štátna vedecká knižnica v Banskej Bystriciomo segundo P-Ž |
| 250 | |a 1. vyd. | ||
| 260 | |a Praha |b Leda |b Academia , |c 1996 | ||
| 300 | |a 1309 s. |c 22 cm | ||
| 500 | |a Autor dodatků Vladimír Rejzek | ||
| 650 | 0 | 7 | |a čeština |2 SNKPH |9 1319 |
| 650 | 0 | 7 | |a španielčina |2 SNKPH |9 1358 |
| 650 | 0 | 7 | |a Czech language |2 SNKPHeng |9 288039 |
| 650 | 0 | 7 | |a Spanish language |2 SNKPHeng |9 277810 |
| 655 | 7 | |a prekladové slovníky |2 SNKPH |9 78678 | |
| 655 | 7 | |a dvojjazyčné prekladové slovníky |2 SNKPH |9 70744 | |
| 655 | 7 | |a Translation dictionaries |2 SNKPHeng |9 238490 | |
| 655 | 7 | |a Bilingual translation dictionaries |2 SNKPHeng |9 287935 | |
| 700 | 1 | |a Rejzek, Vladimír |4 oth |9 279731 | |
| 919 | |a 80-200-0368-1 |a 80-85927-22-5 | ||
| 999 | |c 1163947 |d 1165877 | ||
| 952 | |t snkVEL/2 806.0(038) |a SNKUST |b SNKUST |y PREZ |7 0 |p 17A0201301 |o snkVEL/2 806.0(038) |i snkOKIS 171/1999 |0 0 |1 0 |4 0 |d 2000-01-19 |l 0 |r 2025-05-28 00:00:00 |w 2026-02-24 | ||


